Statistics for Oceania Coats of Arms

Click here to take the quiz!

General Stats

  • This quiz has been taken 885 times
  • The average score is 12 of 14

Answer Stats

Answer% Correct
New Zealand
99%
Australia
98%
Tonga
95%
Samoa
93%
Kiribati
91%
Fiji
87%
Micronesia
85%
Nauru
84%
Palau
84%
Tuvalu
84%
Marshall Islands
82%
Papua New Guinea
80%
Vanuatu
77%
Solomon Islands
75%

Score Distribution

Percentile by Number Answered

Percent of People with Each Score

Your Score History

You have not taken this quiz